000
00229nam a22001097a 4500
005
20181112152806.0
008
181112b xxu||||| |||| 00| 0 eng d
022
_a
0971-2984
245
_a
Phal Phool
260
_b
ICAR
942
_c
JRL
999
_c
5756
_d
5754